|
|
|
|
| LEADER |
00000nta a2200000 i 4500 |
| 001 |
dolg30338 |
| 005 |
20210326104206.0 |
| 008 |
210326suuuu hu om 000 hun d |
| 040 |
|
|
|a BGE Dolgozattár Repozitórium
|b hun
|
| 041 |
|
|
|a hu
|
| 100 |
1 |
|
|a Gerő Katalin
|
| 245 |
1 |
0 |
|a Kereskedelmi stratégia vagy stratégiai kereskedelem? Az Andesi Közösség és az Európai Unió kapcsolatai a társulási megállapodás megkötésének küszöbén
|c Gerő Katalin
|h [elektronikus dokumentum]
|
| 695 |
|
|
|a EU-külkapcsolatok
|
| 695 |
|
|
|a Andoki közösség
|
| 700 |
1 |
|
|a Nincs adat Nincs adat
|e ths
|
| 856 |
4 |
0 |
|u http://dolgozattar.uni-bge.hu/30338/1/D_12436.pdf
|z Dokumentum-elérés
|